000 00523nam a22002177a 4500
003 UA-OsUOA
001 38261
007 ta
008 20060503b un ||||| |||| 00| 0 ukr d
100 _aЛагановський Леонід
090 _a32
_bЛ11
942 _cSA
040 _aUA-OsUOA
_bukr
_cUA-OsUOA
_dUA-OsUOA
245 _aСелянин зневірився і байдужіє
300 _a5 с.
955 _a0
041 _aukr
080 _a32
773 0 _w38259
650 7 _a32 Політика
_2UDC
999 _c324428
_d324428